| 000 | 00498cam a22001814a 4500 | ||
|---|---|---|---|
| 005 | 20250605164340.0 | ||
| 008 | 250528s ||||||||||||||||||||||||d | ||
| 035 | _a23565 | ||
| 040 |
_aGR-AtMCL _bgre _dGR-AtMCL _eAACR2 |
||
| 245 | 1 | _aΟργάνωση Τμήματος Προμηθειών | |
| 260 | _c2014 | ||
| 300 | _a42 | ||
| 700 | 1 |
_aΓιαννουλάκης Μάνος _99147 |
|
| 700 | 1 |
_aΣαμοϊλης Σπυρίδων _99148 |
|
| 942 | _cDS | ||
| 999 |
_c8566 _d8566 |
||